| 000 | 00418nam a2200169Ia 4500 | ||
|---|---|---|---|
| 999 |
_c10338 _d10338 |
||
| 003 | OSt | ||
| 005 | 20220314170543.0 | ||
| 008 | 220308s9999 xx 000 0 und d | ||
| 020 | _a9781870673419 | ||
| 082 |
_a712.0913 _bHIL |
||
| 100 | _a William Frank Hill | ||
| 245 | 0 | _aLandscape Handbook For The Tropic | |
| 260 | _bAntique Collectors Club (1 January 1999) | ||
| 365 | _cUSD | ||
| 365 | _d50 | ||
| 942 | _2ddc | ||